| 000 | 00963nam0a22002531 4500 | ||
|---|---|---|---|
| 001 | rc\961782 | ||
| 005 | 20250622060327.0 | ||
| 035 | _a(NLR Aleph) 006131431 | ||
| 090 |
_a5565726 _c5565726 |
||
| 100 | _a20041129d1982 |||y0rusy50 ca | ||
| 101 | 0 | _arus | |
| 102 | _aRU | ||
| 105 | _ay ||||||||| | ||
| 200 | 1 |
_aПрименение ЭВМ и АСУ _eРазд. "Техн. и програм. средства" _eУчеб. пособие для студентов спец. 0405 и 0406 _fПод ред. С.В. Емельянова |
|
| 210 |
_aМ. _cМИСИС _d1982 |
||
| 215 |
_a56 с. _d20 |
||
| 300 | _aВ надзаг.: Моск. ин-т стали и сплавов, Каф. инж. кибернетики | ||
| 320 | _aБиблиогр.: с. 52-53 (10 назв.) | ||
| 700 | 1 |
_aСургучев _bГ.Д. _gГерман Дмитриевич |
|
| 801 | 0 |
_aRU _bNLR _gpsbo |
|
| 801 | 1 |
_aRU _bELAR _2rusmarc |
|
| 852 |
_aNLR _j82-4/27022 |
||
| 942 | _cBOOK | ||
| 980 | _aNB | ||